| 000 | 01322nam a22002417a 4500 | ||
|---|---|---|---|
| 001 | 9619 | ||
| 003 | FISKH | ||
| 005 | 20260126115310.0 | ||
| 008 | 260126b cb ||||| |||| 00| 0 eng d | ||
| 020 | _a9781853264191 | ||
| 040 |
_aFISKH _beng _cFISKH _dFISKH |
||
| 050 | _aPS1541 | ||
| 082 | _a811 | ||
| 100 |
_aDickinson, Emily _eAuthor |
||
| 245 |
_aThe selected poems of Emily Dickinson / _cWith an introduction by Emma Hartnoll |
||
| 260 |
_aWare : _bWordsworth Editions Ltd , _c1994 |
||
| 300 |
_a214 pages : _c20 cm |
||
| 520 | _aWith an Introduction by Emma Hartnoll. Initially a vivacious, outgoing person, Emily Dickinson (1830-1886) progressively withdrew into a reclusive existence. An undiscovered genius during her lifetime, only seven out of her total of 1,775 poems were published prior to her death. She had an immense breadth of vision and a passionate intensity and awe for life, love, nature, time and eternity. Originally branded an eccentric, Emily Dickinson is now recognised as a major poet of great depth, startling originality and courage for as she wrote: 'Assent and you are sane; /Demure you're straightaway dangerous / And handled with a chain'. | ||
| 650 |
_aAmerican literature _vAmerican poetry |
||
| 650 |
_aEnglish poetry _vClassical literature |
||
| 942 |
_2ddc _cBK _n0 |
||
| 999 |
_c9619 _d9619 |
||